000 00706 a2200205 4500
005 20250414100440.0
020 _a9789251071991
050 _aSF105.3
_bPHE 2012
110 _aFood and Agriculture Organization of the United Nations.
245 _aPhenotypic characterization of animal genetic resources /
264 _aRome :
_bFood and Agriculture Organization of the United Nations,
_cc2012
300 _a142pages :
336 _2rdacontent
_atext
_btxt
337 _2rdamedia
_aunmediated
_bn
338 _2rdacarrier
_avolume
_bnc
440 _aFAO animal production and health guidelines, 11.
504 _aIncludes index
650 _aGermplasm resources, Animal.
942 _2lcc
_cBK
_h105.3
_iPHE
_kSF
999 _c6233
_d6233